| 000 | 00989cam a2200277 4500 | ||
|---|---|---|---|
| 001 | B2810 | ||
| 008 | 090401t1989 xxu||||| |||| 00| 0 eng d | ||
| 035 | _a(Sirsi) u52327 | ||
| 041 | _aeng | ||
| 050 | _a383.9142 | ||
| 090 | _aRICS 1989/89ABCD | ||
| 110 |
_aInstitution and College Conferences _92330 |
||
| 245 | _aEuro-Briefing . The New Connaught Rooms London WC2, 21 November 1989 | ||
| 260 | _c1989 | ||
| 300 | _a3 papers | ||
| 350 | _a0 | ||
| 520 | _aRICS Building Surveyors Division. Papers by Fall,Peter W. , Garcia-Gil,Alberto and Turnbull,Neil C. Papers on: Europe and the chartered building surveyor; the role and opportunities for the chartered building surveyor in France; architectural heritage at the turn of the century (i.e. end of this century). | ||
| 650 | _aARCHITECTURE | ||
| 650 | _aBUILDING SURVEYORS | ||
| 650 | _aCONFERENCE | ||
| 650 | _aEUROPEAN COMMUNITY | ||
| 650 | _aFRANCE | ||
| 650 | _aSINGLE MARKET | ||
| 942 | _n0 | ||
| 948 | _c04/03/1997 | ||
| 999 |
_c93032 _d93032 |
||